[Event "It GM"]
[Site "?"]
[Date "1994.??.??"]
[Round "13"]
[White "Kamsky Gata"]
[Black "Kramnik Vladimir"]
[Result "1/2-1/2"]
[WhiteElo "2695"]
[BlackElo "2710"]
[PlyCount "61"]
[EventDate "1994.??.??"]
[Source "www.chesslib.no"]
[SourceDate "2004.05.04"]

1. d4 d5 2. c4 c6 3. Nc3 Nf6 4. Nf3 e6 5. e3 Nbd7 6. Bd3 dxc4 7. Bxc4 b5 8. Bd3 a6 9. e4 c5 10. e5 cxd4 11. Nxb5 axb5 12. exf6 gxf6 13. O-O Qb6 14. Be4 Bb7 15. Bxb7 Qxb7 16. Nxd4 Rg8 17. f3 Ne5 18. Qe2 Bc5 19. Be3 Rd8 20. Rad1 Nc4 21. Bf2 Qb6 22. b3 Bxd4 23. bxc4 bxc4 24. Rc1 Bxf2+ 25. Rxf2 Rg5 26. Qxc4 Rgd5 27. Qc6+ Qxc6 28. Rxc6 Rd1+ 29. Rf1 R1d2 30. Rf2 Rd1+ 31. Rf1 1/2-1/2

[Event "Pedro Zabala (6eme memorial)"]
[Site "?"]
[Date "2004.10.12"]
[Round "8"]
[White "Moiseenko Alexander"]
[Black "Karjakin Sergey"]
[Result "1-0"]
[WhiteElo "2653"]
[BlackElo "2576"]
[PlyCount "63"]
[EventDate "2004.??.??"]
[Source "www.chesslib.no"]
[SourceDate "2004.05.04"]

1. d4 d5 2. Nf3 Nf6 3. c4 c6 4. Nc3 e6 5. e3 Nbd7 6. Bd3 dxc4 7. Bxc4 b5 8. Bd3 a6 9. e4 c5 10. e5 cxd4 11. Nxb5 axb5 12. exf6 gxf6 13. O-O Qb6 14. Qe2 Ba6 15. Bf4 Be7 16. Rfd1 Rd8 17. a4 Nc5 18. Bxb5+ Bxb5 19. axb5 d3 20. Qe3 Qxb5 21. Nd4 Qd7 22. Nf3 Qb5 23. Bc7 Rc8 24. Bg3 O-O 25. Nd4 Qb4 26. Ra7 Rfd8 27. Rxe7 Qxd4 28. Re8+ Rxe8 29. Qxd4 e5 30. Qg4+ Kf8 31. Qf5 Kg7 32. Bh4 1-0

[Event "FRA-chT 9900"]
[Site "France"]
[Date "2000.03.31"]
[Round "5.1"]
[White "Lautier, Joel"]
[Black "Bacrot, Etienne"]
[Result "0-1"]
[WhiteElo "2632"]
[BlackElo "2594"]
[PlyCount "70"]
[EventDate "2000.02.04"]
[Source "www.chesslib.no"]
[SourceDate "2004.05.04"]

1. d4 d5 2. c4 c6 3. Nf3 Nf6 4. Nc3 e6 5. e3 Nbd7 6. Bd3 dxc4 7. Bxc4 b5 8. Bd3 a6 9. e4 c5 10. e5 cxd4 11. Nxb5 Nxe5 12. Nxe5 axb5 13. O-O Qd5 14. Qe2 Rb8 15. Bg5 Bd6 16. f4 Nd7 17. Rae1 O-O 18. Rf3 f5 19. Rg3 Bxe5 20. fxe5 Rf7 21. h4 Nc5 22. h5 Nxd3 23. Qxd3 Bb7 24. h6 g6 25. Bf4 Rc8 26. Rd1 Rd7 27. a3 Rc4 28. Re1 Qc5 29. Kh2 Be4 30. Qd1 Kf7 31. Qd2 Rc2 32. Rc1 Rxc1 33. Qxc1 Qxc1 34. Bxc1 Rc7 35. Bf4 Rc2 0-1

[Event "Tilburg"]
[Site "?"]
[Date "1989.??.??"]
[Round "?"]
[White "Hjartarson, J."]
[Black "Ivanchuk, V."]
[Result "1/2-1/2"]
[WhiteElo "2555"]
[BlackElo "2660"]
[PlyCount "50"]
[EventDate "1989.??.??"]
[Source "ChessBase"]
[SourceDate "1989.07.01"]

1. d4 d5 2. c4 c6 3. Nc3 Nf6 4. e3 e6 5. Nf3 Nbd7 6. Bd3 dxc4 7. Bxc4 b5 8. Bd3 a6 9. e4 c5 10. e5 cxd4 11. Nxb5 axb5 12. exf6 Bb7 13. fxg7 Bxg7 14. O-O O-O 15. Bxb5 Nc5 16. a4 e5 17. Ra3 Ne6 18. Re1 e4 19. Nd2 f5 20. Bc4 Bd5 21. Rg3 Kh8 22. b3 d3 23. Bxd5 Qxd5 24. Nc4 Rad8 25. Rh3 Bc3 1/2-1/2

[Event "Bugojno BIH"]
[Site "Bugojno BIH"]
[Date "1984.??.??"]
[Round "11"]
[White "Smyslov, Vassily V"]
[Black "Torre, Eugenio"]
[Result "0-1"]
[WhiteElo "2600"]
[BlackElo "2565"]
[PlyCount "82"]
[EventDate "1984.??.??"]
[Source "www.chesslib.no"]
[SourceDate "2004.05.04"]

1. d4 d5 2. c4 e6 3. Nc3 c6 4. Nf3 Nf6 5. e3 Nbd7 6. Bd3 dxc4 7. Bxc4 b5 8. Bd3 a6 9. e4 c5 10. e5 cxd4 11. Nxb5 Nxe5 12. Nxe5 axb5 13. Bxb5+ Bd7 14. Nxd7 Qa5+ 15. Bd2 Qxb5 16. Nxf8 Kxf8 17. a4 Qxb2 18. Rb1 Qa2 19. O-O h6 20. Rb4 Rd8 21. Bf4 Qd5 22. Bc7 Rd7 23. Rb8+ Ne8 24. Bb6 g6 25. a5 Kg7 26. Qc1 Nd6 27. Rxh8 Kxh8 28. Rd1 e5 29. f4 Nc4 30. fxe5 d3 31. Qxh6+ Kg8 32. Qg5 d2 33. Be3 Qd3 34. Qh5 Qb3 35. Bf2 Nxe5 36. Rc1 Qc2 37. Be1 Qb1 38. Rc7 Qb5 39. Rc1 d1=N 40. Bh4 Rd5 41. Rc5 Qb6 0-1

[Event "Bruxelles"]
[Site "?"]
[Date "1988.??.??"]
[Round "?"]
[White "Salov, V."]
[Black "Nogueiras, J."]
[Result "1/2-1/2"]
[WhiteElo "2595"]
[BlackElo "2560"]
[PlyCount "83"]
[EventDate "1988.??.??"]
[Source "ChessBase"]
[SourceDate "1988.01.01"]

1. d4 d5 2. c4 e6 3. Nc3 c6 4. e3 Nf6 5. Nf3 Nbd7 6. Bd3 dxc4 7. Bxc4 b5 8. Bd3 a6 9. e4 c5 10. e5 cxd4 11. Nxb5 Nxe5 12. Nxe5 axb5 13. O-O Qd5 14. Qe2 Ba6 15. Bg5 Be7 16. f4 O-O 17. Rf3 Bb7 18. Rg3 Rxa2 19. Re1 g6 20. h4 Rfa8 21. h5 Rxb2 22. hxg6 hxg6 23. Bxg6 fxg6 24. Qxb2 Ra2 25. Qb1 Rxg2+ 26. Kf1 d3 27. Qxd3 Qxd3+ 28. Rxd3 Rc2 29. Red1 Bd5 30. Bxf6 Bxf6 31. Rxd5 exd5 32. Rxd5 b4 33. Rb5 Bxe5 34. fxe5 Rb2 35. Ke1 Kf7 36. Kd1 b3 37. Rb7+ Ke6 38. Rb6+ Kf5 39. e6 Rh2 40. e7 Rh8 41. Rxb3 Re8 42. Re3 1/2-1/2

[Event "Reggio Emilia"]
[Site "?"]
[Date "1987.??.??"]
[Round "?"]
[White "Pinter, J."]
[Black "Tukmakov, V."]
[Result "0-1"]
[WhiteElo "2575"]
[BlackElo "2580"]
[PlyCount "160"]
[EventDate "1987.??.??"]
[Source "ChessBase"]
[SourceDate "1988.01.01"]

1. d4 Nf6 2. c4 c6 3. Nc3 d5 4. e3 e6 5. Nf3 Nbd7 6. Bd3 dxc4 7. Bxc4 b5 8. Bd3 a6 9. e4 c5 10. e5 cxd4 11. Nxb5 Nxe5 12. Nxe5 axb5 13. Bxb5+ Bd7 14. Nxd7 Qa5+ 15. Bd2 Qxb5 16. Nxf8 Kxf8 17. a4 Qxb2 18. O-O Ne4 19. Qf3 f5 20. Bf4 Qc3 21. Qe2 d3 22. Qh5 Qf6 23. a5 g5 24. Be3 h6 25. Qd1 Rd8 26. a6 Kg7 27. a7 d2 28. Qb3 Nc3 29. Bxd2 Rxd2 30. a8=Q Rxa8 31. Rxa8 Ne4 32. Qb8 Kg6 33. Ra7 Rd8 34. Qc7 Nxf2 35. Qh7+ Kh5 36. Ra4 Ng4 37. h3 Ne3 38. g4+ Kh4 39. gxf5+ Kh5 40. Qb7 Nxf5 41. Qe4 Rd6 42. Qa8 Qd8 43. Qf3+ Kg6 44. Re4 Qf6 45. Qb3 Rc6 46. h4 Rd6 47. Qf3 h5 48. Rf2 g4 49. Qb3 Qa1+ 50. Rf1 Qa7+ 51. Kh1 Qe7 52. Rfe1 Kf7 53. Rf1 Qxh4+ 54. Kg1 Qf6 55. Qb7+ Kg6 56. Qc8 Qf7 57. Qb8 Rc6 58. Rb4 Qc7 59. Qg8+ Ng7 60. Rbf4 Qa7+ 61. Kh1 Qb7 62. Rf6+ Kg5 63. Rf7 Rc8+ 64. Rxb7 Rxg8 65. Re1 Kf6 66. Kg2 Rd8 67. Re2 Rd6 68. Rb8 Nf5 69. Rf8+ Kg5 70. Re8 Kf6 71. Rf8+ Kg7 72. Re8 Kf7 73. Rh8 h4 74. Ra8 Rd4 75. Ra6 Nd6 76. Ra5 Re4 77. Rxe4 Nxe4 78. Ra4 Nf6 79. Ra5 Nd5 80. Ra4 Kf6 0-1

[Event "Moskva (open)"]
[Site "?"]
[Date "1992.??.??"]
[Round "?"]
[White "Dreev, A."]
[Black "Sakaev, K."]
[Result "1-0"]
[WhiteElo "2590"]
[BlackElo "2540"]
[PlyCount "43"]
[EventDate "1992.??.??"]
[Source "ChessBase"]
[SourceDate "1992.10.01"]

1. d4 d5 2. c4 e6 3. Nc3 c6 4. e3 Nf6 5. Nf3 Nbd7 6. Bd3 dxc4 7. Bxc4 b5 8. Bd3 a6 9. e4 c5 10. e5 cxd4 11. Nxb5 Nxe5 12. Nxe5 axb5 13. O-O Qd5 14. Qe2 Rb8 15. Bg5 Be7 16. Rac1 O-O 17. Nc6 Rb7 18. f4 Rc7 19. Nxe7+ Rxe7 20. Bxf6 gxf6 21. Qg4+ Kh8 22. Qh4 1-0

[Event "Anibal op Linares"]
[Site "?"]
[Date "1997.??.??"]
[Round "8"]
[White "Lalic, B."]
[Black "Becerra Rivero, J."]
[Result "1-0"]
[WhiteElo "2585"]
[BlackElo "2510"]
[PlyCount "59"]
[EventDate "1997.??.??"]
[Source "www.chesslib.no"]
[SourceDate "2004.05.04"]

1. d4 d5 2. c4 c6 3. Nf3 Nf6 4. Nc3 e6 5. e3 Nbd7 6. Bd3 dxc4 7. Bxc4 b5 8. Bd3 a6 9. e4 c5 10. e5 cxd4 11. Nxb5 Nxe5 12. Nxe5 axb5 13. O-O Qd5 14. Qe2 Ba6 15. Bg5 Bd6 16. f4 Bxe5 17. fxe5 Bb7 18. Bxf6 gxf6 19. Bxb5+ Kf8 20. Rxf6 Rg8 21. Rf2 Rxa2 22. Rxa2 Qxa2 23. Rxf7+ Kxf7 24. Qf1+ Kg6 25. Qf6+ Kh5 26. Be2+ Bf3 27. Bxf3+ Rg4 28. Bxg4+ Kxg4 29. h3+ Kg3 30. Qf2# 1-0

[Event "Israel"]
[Site "?"]
[Date "1993.??.??"]
[Round "?"]
[White "Alterman, B."]
[Black "Har_Zvi, R."]
[Result "1-0"]
[WhiteElo "2600"]
[BlackElo "2485"]
[PlyCount "45"]
[EventDate "1993.??.??"]
[Source "ChessBase"]
[SourceDate "1993.06.01"]

1. d4 d5 2. c4 c6 3. Nc3 Nf6 4. e3 e6 5. Nf3 Nbd7 6. Bd3 dxc4 7. Bxc4 b5 8. Bd3 a6 9. e4 c5 10. e5 cxd4 11. Nxb5 axb5 12. exf6 gxf6 13. Nxd4 Bb7 14. Be3 Bxg2 15. Rg1 Bd5 16. Bxb5 Qc7 17. Qd3 Qxh2 18. Bxd7+ Kxd7 19. Qb5+ Kd8 20. Nc6+ Kc7 21. Bb6+ Kc8 22. Na7+ Kb7 23. Ba5+ 1-0

[Event "Groningen"]
[Site "?"]
[Date "1987.??.??"]
[Round "?"]
[White "Greenfeld, A."]
[Black "van der Wiel, J."]
[Result "1/2-1/2"]
[WhiteElo "2520"]
[BlackElo "2550"]
[PlyCount "45"]
[EventDate "1987.??.??"]
[Source "ChessBase"]
[SourceDate "1988.01.01"]

1. Nf3 d5 2. d4 Nf6 3. c4 c6 4. Nc3 e6 5. e3 Nbd7 6. Bd3 dxc4 7. Bxc4 b5 8. Bd3 a6 9. e4 c5 10. e5 cxd4 11. Nxb5 axb5 12. exf6 Qb6 13. Be4 Bb7 14. Bxb7 Qxb7 15. O-O Nxf6 16. Nxd4 Rd8 17. Be3 Bc5 18. Qd3 Bxd4 19. Bxd4 O-O 20. Qe3 Ne4 21. Bxg7 Kxg7 22. f3 Nd6 23. Qg5+ 1/2-1/2

[Event "Corr"]
[Site "?"]
[Date "2000.09.01"]
[Round "?"]
[White "Stull Norbert"]
[Black "Fleetwood Daniel M.(USA)"]
[Result "1-0"]
[WhiteElo "2563"]
[BlackElo "2498"]
[PlyCount "65"]
[EventDate "2000.??.??"]
[Source "www.chesslib.no"]
[SourceDate "2004.05.04"]

1. d4 d5 2. c4 c6 3. Nc3 Nf6 4. e3 e6 5. Nf3 Nbd7 6. Bd3 dxc4 7. Bxc4 b5 8. Bd3 a6 9. e4 c5 10. e5 cxd4 11. Nxb5 Nxe5 12. Nxe5 axb5 13. Bxb5+ Bd7 14. Nxd7 Qa5+ 15. Bd2 Qxb5 16. Nxf8 Rxf8 17. a4 Qc4 18. a5 Nd5 19. h4 f5 20. Qe2 Qxe2+ 21. Kxe2 Kd7 22. b4 Rfb8 23. Rhb1 Rb5 24. f4 Nf6 25. Kd3 Rd5 26. b5 Ne4 27. b6 Nc5+ 28. Ke2 Kc8 29. Rb5 Kb7 30. Rc1 d3+ 31. Ke3 Kc6 32. b7 Rb8 33. Rcb1 1-0

[Event "Dubai (ol)"]
[Site "?"]
[Date "1986.??.??"]
[Round "?"]
[White "Cifuentes Parada, R."]
[Black "Ribli, Z."]
[Result "1-0"]
[WhiteElo "2475"]
[BlackElo "2585"]
[PlyCount "93"]
[EventDate "1986.??.??"]
[Source "ChessBase"]
[SourceDate "1986.07.01"]

1. d4 Nf6 2. Nf3 d5 3. c4 e6 4. Nc3 c6 5. e3 Nbd7 6. Bd3 dxc4 7. Bxc4 b5 8. Bd3 a6 9. e4 c5 10. e5 cxd4 11. Nxb5 Nxe5 12. Nxe5 axb5 13. O-O Qd5 14. Qe2 Ba6 15. f4 Bd6 16. Bd2 O-O 17. Rf3 Bb7 18. Rh3 Rxa2 19. Rxa2 Qxa2 20. Nd7 Rc8 21. Nxf6+ gxf6 22. Rxh7 Kf8 23. Qh5 Rc7 24. Qh6+ Ke7 25. Qg6 e5 26. fxe5 Bxe5 27. Bb4+ Bd6 28. Bxd6+ Kxd6 29. Qxf6+ Kc5 30. Qe5+ Kb6 31. Rh6+ Rc6 32. Qxb5+ Kc7 33. Qe5+ Kb6 34. Qxd4+ Kc7 35. Rxc6+ Bxc6 36. Qe5+ Kb6 37. Qd4+ Kc7 38. h4 Qe6 39. b4 Qe1+ 40. Bf1 Qg3 41. b5 Bb7 42. Qf2 Qg6 43. Qc5+ Kd7 44. b6 Bc6 45. Qd4+ Ke7 46. Qe5+ Kf8 47. b7 1-0

[Event "Dubai UAE"]
[Site "Dubai UAE"]
[Date "1986.??.??"]
[Round "14"]
[White "Vaganian, Rafael A"]
[Black "Kuczynski, Robert"]
[Result "1-0"]
[WhiteElo "2645"]
[BlackElo "2410"]
[PlyCount "59"]
[EventDate "1986.??.??"]
[Source "www.chesslib.no"]
[SourceDate "2004.05.04"]

1. d4 d5 2. c4 c6 3. Nf3 Nf6 4. Nc3 e6 5. e3 Nbd7 6. Bd3 dxc4 7. Bxc4 b5 8. Bd3 a6 9. e4 c5 10. e5 cxd4 11. Nxb5 Nxe5 12. Nxe5 axb5 13. Bxb5+ Bd7 14. Nxd7 Qa5+ 15. Bd2 Qxb5 16. Nxf8 Kxf8 17. a4 Qxb2 18. O-O Nd5 19. Rb1 Qa3 20. Rb7 Qd3 21. Qh5 Qg6 22. Qe5 h6 23. Rb8+ Ke7 24. Bb4+ Nxb4 25. Qc5+ Kf6 26. Qxd4+ Ke7 27. Qxb4+ Kf6 28. Qc3+ Ke7 29. Qa3+ Kf6 30. Qf3+ 1-0

[Event "Metz"]
[Site "?"]
[Date "2004.??.??"]
[Round "?"]
[White "Gagunashvili, M."]
[Black "Klovans, J."]
[Result "1-0"]
[WhiteElo "2560"]
[BlackElo "2460"]
[PlyCount "69"]
[EventDate "2004.??.??"]
[Source "Chess Informant"]
[SourceDate "2004.02.01"]

1. d4 Nf6 2. c4 e6 3. Nc3 d5 4. Nf3 c6 5. e3 Nbd7 6. Bd3 dxc4 7. Bxc4 b5 8. Bd3 a6 9. e4 c5 10. e5 cxd4 11. Nxb5 Nxe5 12. Nxe5 axb5 13. Bxb5+ Bd7 14. Nxd7 Qa5+ 15. Bd2 Qxb5 16. Nxf8 Rxf8 17. a4 Qxb2 18. Rb1 Qa2 19. O-O Nd5 20. a5 Kd7 21. Ra1 Qc4 22. Qg4 g6 23. Rfc1 Qd3 24. Rd1 h5 25. Qh4 Rfc8 26. Be1 Qe2 27. Rxd4 Ke8 28. Bd2 Qb5 29. Re1 Ra7 30. Qg5 Rd7 31. Qe5 Rc2 32. Bg5 Qc5 33. Rd2 Rc4 34. h4 Qb4 35. a6 1-0